000
00257nam a2200097Ia 4500
001
1101914
005
20250827003311.0
008
250824s9999 xx 000 0 und d
245
0
_a
PAŞALARIN HHESAPLAŞMASI
_c
MUSTAFA ARMAĞAN
260
_b
KETEBE YAYINLARI
999
_c
1101914
_d
1101914